000 003210000a22001450004500
003 MACL
040 _aMACL
090 _c39894
_d39892
100 _aElliot, Sir H M
245 _aThe History of Indis
_bvol 3 The Muhammadan Period
260 _bKitab Mahal
350 _a25
650 _aHistory
942 _cBOOK
_k954/ELL
999 _c39462
_d39462